| 000 | 00688nam a22001577a 4500 | ||
|---|---|---|---|
| 003 | macl | ||
| 005 | 20191203131042.0 | ||
| 008 | 191203b xxu||||| |||| 00| 0 eng d | ||
| 040 | _cmacl | ||
| 082 | _a800 | ||
| 100 |
_aकमल ,डाॅ .भुवनेश्वर प्रसाद वर्मा _977418 |
||
| 245 | _aहिन्दी साहित्य के रीतिकाल का विश्लेष्णात्मक इतिहास | ||
| 260 |
_aदिल्ली _bसमीक्षा प्रकाशन _c2015 |
||
| 650 |
_aहिन्दी साहित्य का इतिहास _936757 |
||
| 942 |
_2ddc _cHIN |
||
| 999 |
_c61494 _d61494 |
||